Actividades de las excavaciones de la Universidad de Nueva York en Samotracia: bibliografías / Carlos Cid bibliografías / Carlos Cid
Descripción Física:
p. 202-206, 240-244 ; 26 cm
MARC
| LEADER | 00000nam a2200000Ia 4500 | ||
|---|---|---|---|
| 001 | 17557 | ||
| 008 | 160829s1949 xx 000 0 cat d | ||
| 080 | |a FU-2-31 | ||
| 100 | |a Cid Priego, Carlos |9 19791 | ||
| 245 | |a Actividades de las excavaciones de la Universidad de Nueva York en Samotracia: |b bibliografías / Carlos Cid | ||
| 260 | |a Barcelona : |b [s.n.], |c 1949 | ||
| 300 | |a p. 202-206, 240-244 ; |c 26 cm | ||
| 590 | |a Separata de: Ampurias, XI. | ||
| 590 | |a Prové de R.168 del currículum per la plaça de conservador del Museu Arqueològic, 1957. | ||
| 590 | |a Bibliografia | ||
| 650 | |a Excavacions arqueològiques |x Samotracia |9 47157 | ||
| 650 | |a Excavacions arqueològiques |x Bibliografia |9 47158 | ||
| 856 | 4 | |u https://media.diba.cat/diba/fitxers/arxiu/fulletons/bib_17557_baixa.pdf |y Accés lliure | |
| 856 | 4 | |u https://media.diba.cat/diba/fitxers/arxiu/fulletons/bib_17557_baixa.pdf |y Accés lliure | |
| 901 | |a Arxiu | ||
| 942 | |n 1 |2 udc | ||
| 952 | |0 0 |1 0 |4 0 |6 FU231 |7 1 |9 53704 |a Arxiu |b Arxiu |d 2016-12-01 |l 0 |o FU-2-31 |p 17557 |r 2016-12-01 00:00:00 |w 2016-12-01 |y ARXIU | ||
| 999 | |c 57570 |d 57570 | ||
| 900 | |a bib_17557_baixa.pdf | ||